Logo BPK

Biblioteka

Politechniki Koszalińskiej

Logistyka / (Rekord nr 37840)

Szczegóły MARC
000 -ETYKIETA REKORDU
podpole kontrolne o stałej długości 00701nam a2200229 i 4500
001 - NUMER KONTROLNY REKORDU
pole kontrolne bg
020 ## - MIĘDZYNARODOWY ZNORMALIZOWANY NUMER KSIĄŻKI - ISBN
ISBN 8386272902
040 ## - ŹRÓDŁO KATALOGOWANIA
Instytucja, która utworzyła rekord BPK
041 0# - KOD JĘZYKA
Kod języka tekstu pl
080 ## - UNIWERSALNA KLASYFIKACJA DZIESIĘTNA - UKD
UKD 658.1/.5(075.8)
920 ## - Międzynarodowy znormalizowany numer książki – ISBN
ISBN 83-86272-90-2
008 - POLE O STAŁEJ DŁUGOŚCI - DANE KONTROLNE
podpole kontrolne o stałej długości s pl f |000 0 pol
100 1# - NAZWA OSOBOWA
Nazwa osobowa Dobrzyński, Maciej Dariusz.
245 10 - TYTUŁ/ODPOWIEDZIALNOŚĆ
Tytuł Logistyka /
Pozostałe elementy strefy tytułu i oznaczenia odpowiedzialności Maciej Dobrzyński ; Politechnika Białostocka.
260 ## - STREFA ADRESU WYDAWNICZEGO
Miejsce wydania Białystok :
Nazwa wydawcy/dystrybutora Dział Wydawnictw i Poligrafii PB,
Data publikacji, dystrybucji/powstania dokumentu 1999.
300 ## - STREFA OPISU FIZYCZNEGO
Objętość 190 s. :
Inne cechy fizyczne mapy, wykr. ;
Rozmiary 23 cm.
500 ## - UWAGI OGÓLNE
Tekst uwagi U dołu okł. : 50 lat Politechniki Białostockiej.
650 #9 - HASŁO PRZEDMIOTOWE W FORMIE NAZWY OGÓLNEJ LUB JEDNOSTKOWEJ
Nazwa ogólna lub geograficzna Logistyka gospodarcza
655 ## - TERMIN INDEKSOWY - OKREŚLENIE RODZAJU/FORMY DOKUMENTU
Określenie rodzaju/formy dokumentu Podręczniki akademickie
710 #0 - HASŁO DODATKOWE - NAZWA CIAŁA ZBIOROWEGO
Nazwa ciała zbiorowego lub jednostki geograficznej Politechnika Białostocka
856 ## - LOKALIZACJA I DOSTĘP DO ELEKTRONICZNYCH DOKUMENTÓW ZDALNYCH
Link (URL) http://koha.tu.koszalin.pl/cgi-bin/koha/opac-detail.pl?biblionumber=37840
Tekst linku Katalog online BPK
942 ## - DODATKOWE ELEMENTY (KOHA)
Typ dokumentu Książka
Egzemplarze
Wycofany Status egzemplarza Uszkodzony Dostępność Lokalizacja stała Lokalizacja bieżąca Miejsce przechowywania Sygnatura Kod kreskowy Dział Typ dokumentu
      Tylko na miejscu Biblioteka Politechniki Koszalińskiej Biblioteka Politechniki Koszalińskiej Czytelnia BG 54246 01509021 005.51 Planowanie. Logistyka. Biznesplan Książka
© 2023 Biblioteka Politechniki Koszalińskiej :: KOHA